| Tag |
First Indicator |
Second Indicator |
Subfields |
| LEADER |
00000cam a2200000 a 4500 |
| 001 |
in00000034059 |
| 005 |
20151007055201.0 |
| 008 |
860314s1985 gw 00110 lat d |
| 020 |
|
|
|a 3519014378
|
| 020 |
|
|
|a 351901436X (pbk.)
|
| 035 |
|
|
|a (OCoLC)13297574
|
| 035 |
|
|
|9 AAB7497AM
|
| 040 |
|
|
|a HLS
|c HLS
|d BOS
|d m/c
|d TXA
|d UtOrBLW
|
| 049 |
|
|
|a TXAM
|c [A10990937]
|
| 050 |
|
4 |
|a PA6393
|b .A2 1985
|
| 100 |
0 |
|
|a Horace.
|
| 240 |
1 |
0 |
|a Works.
|f 1985
|
| 245 |
1 |
0 |
|a Q. Horati Flacci Opera /
|c edidit D.R. Shackleton Bailey.
|
| 264 |
|
1 |
|a Stutgardiae :
|b In aedibus Teubneri,
|c 1985.
|
| 300 |
|
|
|a x, 372 pages ;
|c 21 cm.
|
| 336 |
|
|
|a text
|b txt
|2 rdacontent
|
| 337 |
|
|
|a unmediated
|b n
|2 rdamedia
|
| 338 |
|
|
|a volume
|b nc
|2 rdacarrier
|
| 490 |
1 |
|
|a Bibliotheca scriptorum graecorum et romanorum Teubneriana
|
| 500 |
|
|
|a Includes indexes.
|
| 700 |
1 |
|
|a Shackleton Bailey, D. R.
|q (David Roy),
|d 1917-2005.
|
| 740 |
0 |
|
|a Opera.
|
| 830 |
|
0 |
|a Bibliotheca scriptorum Graecorum et Romanorum Teubneriana.
|
| 999 |
|
|
|a MARS
|
| 999 |
f |
f |
|s cfb195e7-9aac-32ba-a4cf-0e61706636b2
|i a0e4dbdf-9e4c-3c4e-a363-497c7f1fca57
|t 0
|
| 952 |
f |
f |
|p ric
|a Texas A&M University
|b Rellis Campus
|c Joint Library Facility
|d Remote Storage
|t 0
|e PA6393 .A2 1985
|h Library of Congress classification
|i unmediated -- volume
|m A14810990937
|
| 998 |
f |
f |
|a PA6393 .A2 1985
|t 0
|l Remote Storage
|